000 00331nam a2200133Ia 4500
008 100328s9999 xx 000 0 und d
082 _b60224
100 _aपाटील आनंद.
245 _aतुळव.
260 _bगं्रथाली.
630 _aतुळव.
730 _aतुळव.
942 _cBOOK
999 _c546386
_d546383